| 000 | 01057nam0a2200325 4500 | ||
|---|---|---|---|
| 001 | RU\NLR\bibl\93526 | ||
| 005 | 20260409070022.0 | ||
| 021 |
_aRU _b1998-44395 _92130 |
||
| 035 | _a(NLR Aleph) 000091393 | ||
| 090 |
_a512893 _c512893 |
||
| 100 | _a20000621d1998 |||y0rusy50 ca | ||
| 101 | 0 | _arus | |
| 102 | _aRU | ||
| 105 | _aa ||||||||| | ||
| 200 | 1 |
_aОшибка К. Маркса. Стоимость (относительность понятия). Сущность денег _fВ. Турбин |
|
| 210 |
_aПенза _cБ.и. _d1998 |
||
| 215 |
_a63,[2] с. _cграф. _d21 |
||
| 320 | _aБиблиогр. в тексте | ||
| 600 | 1 |
_aМаркс _bК. _gКарл _2psbo |
|
| 606 |
_aДеньги _3RU\NLR\auth\66119889 _91112435 |
||
| 606 |
_aСтоимость _3RU\NLR\auth\66550537 _91324816 |
||
| 686 | _aУ011.511.25 | ||
| 686 | _aУ011.511.6 | ||
| 700 | 1 |
_aТурбин _bВ. В. _4070 |
|
| 801 | 0 |
_aRU _bNLR _c20000621 _gPSBO |
|
| 801 | 1 |
_aRU _bNLR _c20000621 |
|
| 852 |
_aNLR _j99-4/9308 |
||
| 942 | _cBOOK | ||
| 980 | _aNB | ||